000 01226cam a2200361 4500
001 J128031
008 000000n2002 000 0 eng u
035 _a(Sirsi) u128031
041 _aeng
050 _a306
_h18
110 _aChartered Institute of Housing
_92394
245 _aGood practice briefing
_bstrategic approaches to homelessness - issue 24 December 2002
260 _aCoventry
_hChartered Institute of Housing
_c2002
300 _a15p.
_c30cm.
350 _a10
490 _aCIH Good Practice Briefing
_v24
505 _aLegislative and policy context
505 _aHomelessness strategies
505 _aPreventing homelessness
505 _aHousing advice
505 _aTemporary accommodation
505 _aRehousing and resettlement
505 _aRegistered social landlords and homelessness
505 _aMulti-agency working
505 _aPeformance and continuous improvement
520 _aThis Briefing provides examples of good and innovative practice in the area of homelessness. References and websites.
650 _aREGISTERED SOCIAL LANDLORDS
650 _aHOMELESSNESS
650 _aREHOUSING
650 _aTEMPORARY ACCOMMODATION
690 _aHOUSING
942 _n0
999 _c103858
_d103858